| 000 | 00524nam a2200169 a 4500 | ||
|---|---|---|---|
| 001 | 000027804 | ||
| 003 | DO-SdBNP | ||
| 005 | 20250616135602.0 | ||
| 008 | 110405s1986 dr r 000 0 spa d | ||
| 040 |
_aDO-SdBNP _bspa _cBNPHU |
||
| 082 |
_axxxx _bB213c |
||
| 110 | 2 |
_aBanco Central de la República Dominicana _983405 |
|
| 245 | 1 | 0 |
_aCuentas nacionales 1979-1983 : _bproducto nacional bruto. |
| 260 |
_aSanto Domingo : _bBanco Central de la República Dominicana, _c1986. |
||
| 300 |
_a76 p. ; _c29 cm. |
||
| 942 |
_2ddc _cLBS1 |
||
| 999 |
_c27296 _d27296 |
||